[Event "St Petersburg Korchnoi Memorial op"]
[Site "St Petersburg"]
[Date "2019.08.18"]
[Round "5"]
[White "Ismagilov, Damir"]
[Black "Tipikin, Ivan"]
[Result "1-0"]
[WhiteElo "2220"]
[BlackElo "1859"]
[PlyCount "119"]
[EventDate "2019.08.14"]
[EventType "swiss"]
[EventRounds "9"]
[EventCountry "RUS"]
[SourceTitle "CBM 192"]
[Source "ChessBase"]
[SourceDate "2019.10.31"]
[SourceVersion "1"]
[SourceVersionDate "2019.10.31"]
[SourceQuality "1"]

1. d4 d5 2. Nf3 Nf6 3. e3 e6 4. Nbd2 c5 5. c3 Nc6 6. Bd3 cxd4 7. exd4 Be7 8. Qe2 Qc7 9. Ne5 Nxe5 10. dxe5 Nd7 11. f4 Nc5 12. Bc2 b6 13. b4 Nd7 14. Qd3 a5 15. b5 Nc5 16. Qg3 g6 17. 0-0 Bb7 18. Nb3 Na4 19. Bd2 Nb2 20. Be1 a4 21. Nd4 Nc4 22. Qh3 Qd7 23. Rd1 0-0-0 24. f5 gxf5 25. Rxf5 Bc5 26. Bf2 Kb8 27. Rh5 Bxd4 28. Bxd4 Qxb5 29. Rxh7 Rhf8 30. Rb1 Qa5 31. Rf1 Na3 32. Bd3 Nb5 33. Rhxf7 Rxf7 34. Rxf7 Nxd4 35. cxd4 Qe1+ 36. Bf1 Bc8 37. Qa3 Rd7 38. Rxd7 Bxd7 39. Qd6+ Kc8 40. Qxb6 Qe3+ 41. Kh1 Qe1 42. Qa6+ Kd8 43. h3 Qd2 44. Qb6+ Ke8 45. Qb8+ Ke7 46. Qd6+ Ke8 47. Qb8+ Ke7 48. Qb1 Qxd4 49. Qe1 Be8 50. Kh2 Qb2 51. Qe3 Kd8 52. h4 Qxa2 53. Qg5+ Kc8 54. Qg8 Qa1 55. Qxe8+ Kc7 56. Qe7+ Kb8 57. Qd6+ Kb7 58. Ba6+ Ka7 59. Bb5 Qd4 60. Qc7+ 1-0

[Event "St Petersburg Korchnoi Memorial op"]
[Site "St Petersburg"]
[Date "2019.08.16"]
[Round "3"]
[White "Tolstykh, Ivan"]
[Black "Tipikin, Ivan"]
[Result "0-1"]
[WhiteElo "1437"]
[BlackElo "1859"]
[PlyCount "118"]
[EventDate "2019.08.14"]
[EventType "swiss"]
[EventRounds "9"]
[EventCountry "RUS"]
[SourceTitle "CBM 192"]
[Source "ChessBase"]
[SourceDate "2019.10.31"]
[SourceVersion "1"]
[SourceVersionDate "2019.10.31"]
[SourceQuality "1"]

1. d4 Nf6 2. c4 c5 3. d5 b5 4. cxb5 a6 5. bxa6 Bxa6 6. Nc3 g6 7. Nf3 d6 8. e4 Bxf1 9. Kxf1 Bg7 10. g3 Na6 11. a3 0-0 12. Kg2 Qb6 13. Qe2 Rfb8 14. Rb1 Nd7 15. Bd2 Qb3 16. Bg5 Kf8 17. Nd2 Qb7 18. h4 h6 19. Be3 Nc7 20. h5 g5 21. f4 gxf4 22. gxf4 Qa6 23. Qxa6 Rxa6 24. Rhc1 Nf6 25. f5 Ng4 26. Nc4 Nxe3+ 27. Nxe3 Rb3 28. Nc4 Ne8 29. Nd2 Rb8 30. Kg3 Be5+ 31. Kf3 Nf6 32. Nc4 Bd4 33. Ne2 Rb3+ 34. Kg2 Nxe4 35. Nxd4 cxd4 36. Rd1 d3 37. Kf3 Ra4 38. Kxe4 Rxc4+ 39. Ke3 Rc2 40. Rxd3 Rbxb2 41. Rxb2 Rxb2 42. Kf4 Kg7 43. Rg3+ Kf6 44. Ke4 Rh2 45. Rg1 Rh4+ 46. Kf3 Kxf5 47. Rg7 Kf6 48. Rg2 Rh3+ 49. Ke4 Rxa3 50. Rf2+ Kg7 51. Rg2+ Kf8 52. Rb2 Rh3 53. Rb8+ Kg7 54. Rb7 Kf6 55. Rb2 Rh4+ 56. Ke3 Rxh5 57. Rf2+ Rf5 58. Rh2 Ke5 59. Rxh6 Kxd5 0-1

[Event "St Petersburg Korchnoi Memorial op"]
[Site "St Petersburg"]
[Date "2019.08.14"]
[Round "1"]
[White "Goltsev, Dmitry"]
[Black "Tipikin, Ivan"]
[Result "1/2-1/2"]
[WhiteElo "2295"]
[BlackElo "1859"]
[PlyCount "66"]
[EventDate "2019.08.14"]
[EventType "swiss"]
[EventRounds "9"]
[EventCountry "RUS"]
[SourceTitle "CBM 192"]
[Source "ChessBase"]
[SourceDate "2019.10.31"]
[SourceVersion "1"]
[SourceVersionDate "2019.10.31"]
[SourceQuality "1"]

1. e4 c6 2. d4 d5 3. Nd2 dxe4 4. Nxe4 Nf6 5. Nxf6+ exf6 6. Nf3 Bg4 7. c3 Bd6 8. h3 Qe7+ 9. Qe2 Bxf3 10. gxf3 Qxe2+ 11. Bxe2 Nd7 12. Bd2 Nf8 13. 0-0-0 Ng6 14. Bd3 0-0 15. Bxg6 fxg6 16. Rde1 Rfe8 17. Kc2 Kf7 18. Kd3 g5 19. c4 Kg6 20. Re4 f5 21. Rxe8 Rxe8 22. Rg1 f4 23. h4 h6 24. hxg5 hxg5 25. Rh1 Rd8 26. b4 Be5 27. Bc3 Kf5 28. a4 Bf6 29. Rg1 b6 30. c5 bxc5 31. bxc5 Rb8 32. Kc4 Re8 33. Kd3 Rb8 1/2-1/2

[Event "Omsk CC-ch sf"]
[Site "Omsk"]
[Date "2011.06.24"]
[Round "4"]
[White "Osipov, Yury"]
[Black "Tipikin, Ivan"]
[Result "1/2-1/2"]
[WhiteElo "1627"]
[BlackElo "1772"]
[PlyCount "34"]
[EventDate "2011.06.20"]
[EventType "swiss"]
[EventRounds "11"]
[EventCountry "RUS"]
[SourceTitle "EXT 2023"]
[Source "ChessBase"]
[SourceDate "2022.10.05"]
[SourceVersion "1"]
[SourceVersionDate "2022.10.05"]
[SourceQuality "1"]

1. e4 c5 2. Nf3 e6 3. a3 Nc6 4. Bc4 a6 5. 0-0 b5 6. Bb3 Bb7 7. d4 cxd4 8. Nxd4 Qc7 9. Re1 Nf6 10. Bg5 Be7 11. Nc3 0-0 12. Nxc6 dxc6 13. Qe2 h6 14. Bh4 Ne8 15. Bxe7 Qxe7 16. Qe3 c5 17. Rad1 Nc7 1/2-1/2